Biblioteca

La reforma litúrgica en Latino-América (Registro nro. 69484)

Detalles MARC
000 -LÍDER
Campo fijo de descripción fija 01106nab a2200193 i 4500
001 - NÚMERO DE CONTROL
Campo de control 768714001
003 - IDENTIFICADOR DEL NÚMERO DE CONTROL
Campo de control CO-MdFUSB
005 - FECHA Y HORA DE LA ULTIMA TRANSACCIÓN
control field 20240506112038.0
008 - ELEMENTOS DE LONGITUD FIJA -- INFORMACIÓN GENERAL
Campo fijo de descripción fija -- Información general 240502t1966 sp ||||| |||| 00| 0 spa d
040 ## - FUENTE DE CATALOGACIÓN
Idioma de catalogación spa
Agencia que realiza la transcripción CO-MdFUSB
Agencia que realiza la modificación CO-MdFUSB
041 ## - CÓDIGO DE IDIOMA
Código de idioma para texto/pista de sonido o título separado spa
100 ## - ASIENTO PRINCIPAL--NOMBRE PERSONAL
Nombre personal Rau, Enrique,
Término relacionador autor
245 #3 - TÍTULO
Título La reforma litúrgica en Latino-América
Mención de responsabilidad / Enrique Rau
520 ## - NOTA DE RESUMEN, ETC.
Nota de sumario, etc. Configuración de la liturgia después de la constitución en las comunidades católicas en Latinoamérica; el autor se refiere a la problemática que suscitó en estos países la Constitución y se basa en el contenido de la reforma: ninguna reforma sin una instrucción o catequesis previa; por otra parte, integrar la pastoral litúrgica dentro de la pastoral de conjunto. Esto salvará al pueblo latinoamericano de la ignorancia religiosa de que adolece.
650 #7 - ASIENTO SECUNDARIO DE MATERIA - TERMINO TEMÁTICO
Término temático o nombre geográfico como elemento de entrada Liturgia
9 (RLIN) 206
773 0# - ASIENTO DE ITEM FUENTE
Biblionumber 49450
Itemnumber 82570
Otro identificador del ítem R2502
Título Revista internacional de teología Concilium
Número de control del registro (CO-MdFUSB)8
Número Internacional Normalizado para Publicaciones Seriadas (ISSN) 0210-1041
Parte(s) relacionada(s) / Volumen., número. (mes año), páginas Número 12, (febrero, 1966), páginas: 298 - 300
Enumeración y primera página página: 298
942 ## - TIPO DE MATERIAL (KOHA)
Tipo de Item KOHA Artículos de Revista
945 ## - INFORMACIÓN LOCAL DEL REGISTRO
Catalogador Catherine Arias Álvarez practicante SENA

No hay ítems disponibles.

Biblioteca FUSBC | Teléfono: (57+4) 349 88 10 Ext. 141| WhatsApp (+57) 3005338115 
E-mail: biblioteca@unisbc.edu.co | Calle 76 87-14 Robledo Palenque, Medellín, Colombia

Con tecnología Koha